FRIENDS Quiz - Statistiken

Allgemein
  • Dieses Quiz wurde 188 mal gespielt
  • Das Durchschnittsergebnis liegt bei 10 aus 15
Antwortstatistiken
Frage Antwort % Korrekt
Wer ist am Ende der Serie als einzige Person der Gruppe noch Single ? Joey
99%
Wie lautet Chandlers Nachname ? Bing
90%
Wer der sechs Freunde hat einen Zwilling ? Phoebe
86%
Wie heißt das Café in dem sich die Freunde so oft treffen ? Central Perk
84%
Welches Tier war Marcel, Ross vorübergehendes Haustier ? Ein Affe
84%
Wo fand Ross zweite Hochzeit statt ? In London
80%
Wie heißt Phoebes bekanntestes Lied ? Smelly Cat
79%
Welche Farbe hat der Rahmen um den Türspion in Monicas Wohnung ? Gelb
76%
Aus wie vielen doppelseitigen Blättern bestand Rachels Brief an Ross ? 18
72%
Wer erscheint in der gesamten Serie immer wieder mit einem: „Oh mein Gott!“ Janice
71%
Welchen Beruf hatte Richard Burke (Monicas Exfreund) ? Augenarzt
70%
Wie heißt der Jenige der Rachel einen neuen Job anbietet und Grund für Ross Eifersucht ist ? Mark
58%
Wie nannten Monica und Chandler ihre Kinder ? Erica
34%
Wie lautet Joey’s Standardspruch ? Wie geht’s denn so ?
33%
Jack
25%
Keine übereinstimmenden Quizze gefunden
Verteilung der Resultate
Anzahl Personen mit jedem Resultat
Perzentil nach korrekt beantworteten Fragen
Ihre Resultats-Entwicklung
Sie haben dieses Quiz noch nicht gespielt